|
|
|
|
| LEADER |
01353nam a22003854a 4500 |
| 001 |
EBC201436 |
| 003 |
MiAaPQ |
| 005 |
20200520144314.0 |
| 006 |
m o d | |
| 007 |
cr cn||||||||| |
| 008 |
000809s2001 enk sb 001 0 eng |
| 010 |
|
|
|z 00063044
|
| 020 |
|
|
|z 0521800951 (hardback)
|
| 020 |
|
|
|z 0521805007 (pbk.)
|
| 035 |
|
|
|a (MiAaPQ)EBC201436
|
| 035 |
|
|
|a (Au-PeEL)EBL201436
|
| 035 |
|
|
|a (CaPaEBR)ebr5007864
|
| 035 |
|
|
|a (CaONFJC)MIL15935
|
| 035 |
|
|
|a (OCoLC)171135175
|
| 040 |
|
|
|a MiAaPQ
|c MiAaPQ
|d MiAaPQ
|
| 050 |
|
4 |
|a HD9696.8.A2
|b S55 2001
|
| 082 |
0 |
4 |
|a 303.48/33
|2 21
|
| 100 |
1 |
|
|a Shy, Oz.
|
| 245 |
1 |
4 |
|a The economics of network industries
|h [electronic resource] /
|c Oz Shy.
|
| 260 |
|
|
|a Cambridge, U.K.
|a New York :
|b Cambridge University Press,
|c 2001.
|
| 300 |
|
|
|a xiii, 315 p.
|
| 504 |
|
|
|a Includes bibliographical references and index.
|
| 533 |
|
|
|a Electronic reproduction. Ann Arbor, MI : ProQuest, 2015. Available via World Wide Web. Access may be limited to ProQuest affiliated libraries.
|
| 650 |
|
0 |
|a Computer industry.
|
| 650 |
|
0 |
|a Computer networks.
|
| 650 |
|
0 |
|a Electronic data interchange.
|
| 650 |
|
0 |
|a Electronic commerce.
|
| 655 |
|
4 |
|a Electronic books.
|
| 710 |
2 |
|
|a ProQuest (Firm)
|
| 856 |
4 |
0 |
|u https://ebookcentral.proquest.com/lib/matrademy/detail.action?docID=201436
|z Click to View
|